000 00341nam a22001457a 4500
020 _a9789382471509
082 _a631.3
_bKAL/OB
100 _aKale,M.U.
_91001
100 _aSupe, M.S.
_91002
245 _aObjective Agriculture Engineering
250 _a2 ND
260 _aDelhi
_bJaya Publisging House
_c2014
300 _a179
942 _cBK
999 _c14582
_d14582